Монгол хүн Д.Нацагдорж (Бичлэгийн дугаар. 925189)

MARC дэлгэрэнгүй
000 -Удирдлага
Ном зүйн бүртгэл тоо буюу кодлох утгыг агуулсан 00906nam a22002417a 4500
008 - ЕРӨНХИЙ МЭДЭЭЛЭЛ-ЭЛЕМЕНТҮҮДИЙН ӨГӨГДЛИЙН УРТ
fixed length control field 240619b mp ||||| |||| 00| 0 mon d
020 ## - ОЛОН УЛСЫН СТАНДАРТ НОМЫН ДУГААР-ISBN
Олон Улсын Стандарт Номын Дугаар 978-9919-517-42-7
035 ## - СИСТЕМИЙН ХЯНАЛТЫН ДУГААР
Системийн хяналтын дугаар 24095
040 ## - ЭХ СУРВАЛЖИЙГ ТОДОРХОЙЛОН БИЧИХ
Анхны каталогийн байгууллага UV1862160
Каталогийн хэл Монгол
Бичлэг хийж нэвтрүүлэх байгууллага MN-UlNLM
Өөрчлүүлэх байгууллага MN-UlNLM
Бичиглэлийн тодорхойлолт rda
041 ## - ХЭЛНИЙ КОД
Текстийн хэлний код/фонограм буюу салангид гарчиг Монгол
042 ## - AUTHENTICATION CODE
Authentication code 53808
082 ## - ДЬЮИ АРАВТЫН АНГИЛЛЫН ДУГААР
Дьюигийн аравтын ангилал 10-t
Classification number 928
Item number М.692
100 ## - ЗОХИОГЧИЙН ХЭСЭГ
Зохиогчийн нэр Төрмөнх Б.
245 #0 - ҮНДСЭН ГАРЧИГ
Гарчиг Монгол хүн Д.Нацагдорж
264 ## - ГАРАЛТЫН МЭДЭЭ
Хэвлэгдсэн газар УБ
Бүтээгч, хэвлэгч, түгээгч, үйлдвэрлэгчийн нэр Адмон принт ХХК
Хэвлэгдсэн он 2022
300 ## - ТООНЫ МЭДЭЭ
Хуудасны тоо 63х.
336 ## - АГУУЛГЫН ТӨРӨЛ
Нөөц rdacontent
Агуулгын төрлийн нөхцөл text
Агуулгын төрлийн код txt
337 ## - MEDIA TYPE
Эх сурвалж rdamedia
Файлын төрөл unmediated
Файлын код n
338 ## - CARRIER TYPE
Source rdacarrier
Carrier type term volume
Carrier type code nc
650 ## - Сэдэв
Сэдэв Монголчууд олон зуун жил харь орны дарлал мөлжлөгт зовж зүдрэн, дэлхийн боловсролоос хоцрон гээгдсэн цаг үед тэрээр мэндэлжээ. Б...
942 ## - ЭЛЕМЕНТИЙН ТӨРӨЛ
Анги Аравтын ангилал
Төрөл Ном
Захиалгууд
Буцаан татагдсан төлөв Хасагдсан шалтгаан Гэмтсэн төлөв Данс заагч Захиалах боломжгүй Үндсэн номын сан Одоогийн байршил Салбар танхим Салбар танхим Бүртгэсэн огноо Тавиурын заалт Баркод Үнэ Хамгийн сүүлд байсан огноо Нийт уншлаганд гарсан тоо Дансны дугаар Төрөл
          Өвөрхангай аймаг Өвөрхангай аймаг Өвөрхангай | Боловсрол танхим Өвөрхангай | Боловсрол танхим 2024-06-20 928 М.692 UV18624095-4-1 20818.00 2024-06-20   51073 Ном
          Өвөрхангай аймаг Өвөрхангай аймаг Өвөрхангай | Гэрээр олгох танхим Өвөрхангай | Гэрээр олгох танхим 2024-06-20 928 М.692 UV18624095-5-1 22900.00 2024-06-20   51344 Ном